Economic development of India, (Record no. 73333)

MARC details
000 -LEADER
fixed length control field 00919cam a22002891 4500
001 - CONTROL NUMBER
control field sa 67002624
003 - CONTROL NUMBER IDENTIFIER
control field DLC
005 - DATE AND TIME OF LATEST TRANSACTION
control field 20260227112332.0
008 - FIXED-LENGTH DATA ELEMENTS--GENERAL INFORMATION
fixed length control field 861105s1966 ii b 000 0 eng
010 ## - LIBRARY OF CONGRESS CONTROL NUMBER
LC control number sa 67002624
025 ## - OVERSEAS ACQUISITION NUMBER
Overseas acquisition number PL480:I-E-7724
035 ## - SYSTEM CONTROL NUMBER
System control number (OCoLC)14637602
040 ## - CATALOGING SOURCE
Original cataloging agency DLC
Transcribing agency WaU
Modifying agency DLC
042 ## - AUTHENTICATION CODE
Authentication code premarc
043 ## - GEOGRAPHIC AREA CODE
Geographic area code a-ii---
050 00 - LIBRARY OF CONGRESS CALL NUMBER
Classification number HC435
Item number .C473
082 ## - DEWEY DECIMAL CLASSIFICATION NUMBER
Classification number 330.954
100 1# - MAIN ENTRY--PERSONAL NAME
Personal name Chakrabarti, Sudhindra Chandra.
245 10 - TITLE STATEMENT
Title Economic development of India,
Statement of responsibility, etc. by Sudhindra Chandra Charkrabarti, Kunja Bihari Kundu [and] Madan Mohan Patra.
250 ## - EDITION STATEMENT
Edition statement 1st ed.
260 ## - PUBLICATION, DISTRIBUTION, ETC.
Place of publication, distribution, etc. Calcutta,
Name of publisher, distributor, etc. Nababharat Publishers,
Date of publication, distribution, etc. [1966]
300 ## - PHYSICAL DESCRIPTION
Extent xv, 313 p.
Dimensions 22 cm.
504 ## - BIBLIOGRAPHY, ETC. NOTE
Bibliography, etc. note Bibliographical footnotes; "suggested reading" : p. [312]-313.
651 #0 - SUBJECT ADDED ENTRY--GEOGRAPHIC NAME
Geographic name India
General subdivision Economic conditions.
700 1# - ADDED ENTRY--PERSONAL NAME
Personal name Kundu, Kunja Bihari,
Relator term joint author.
700 1# - ADDED ENTRY--PERSONAL NAME
Personal name Patra, Madan Mohan,
Relator term joint author.

No items available.

Powered by Koha